000 00883nam a2200217 i 4500
001 154483
003 ES-MaACL
005 20230906205740.0
008 040709s1884 sp ao |||| | cat d
040 _aCAM
_bspa
_cCAM
080 _a913(460.235)
100 1 _aGomis i Mestre, Cels.
_958207
245 1 0 _aItinerari de Manresa á Berga /
_cCels Gomis.
260 _aBarcelona :
_b[s.n.],
_c1884 (
_fEstampa de Lluis Tasso y Serra)
300 _a30 p., [1] h. fot. b. y n. ;
_c22 cm.
500 _aDatos tomados de cub.
595 _aExtraído de: Anuari de la Associació d'Excursions Catalana, 1882.
651 4 _aBarcelona (Provincia)-
_xDescripción.
_9153509
710 2 _aAssociació d'Excursions Catalana.
_9134144
852 _aES-MaACL
_jT-696-F-4
_z- Enc. hol., conservando la cub. original
_z- An. ms.: ded. del autor a Gustavo Saenz Díez
_z- Enc. en un vol. facticio
999 _c154483
_d154483